000 00715cab a2200229 4500
001 ABS42025
008 090401t1990 xxu||||| |||| 00| 0 eng d
035 _a(Sirsi) u34169
041 _aeng
245 _aTo quarry or not to quarry
260 _c1990
350 _a0
490 _aConstruction News
_v(6145) 11 Janaury 1990, 16-17(2)
520 _aExamines the views of two commentators on the quarrying and construction industry , Peter Fuchs of Steetley and Steven Robson of the GMB , in relation to the environment and health and safety .
650 _aAGGREGATES
650 _aCOSHH
650 _aDEMAND
650 _aNIMBY
690 _aMINING AND MINERALS
942 _n0
948 _c04/03/1997
999 _c22668
_d22668